000 00526nam a2200157 a 4500
001 000036698
005 20200930075900.0
008 120125s1972 es ac 000 0 spa d
040 _aDO-SdBNP
_bspa
_cBNPHU
100 1 _aIsy-Schwart, Marcel
_962990
245 1 0 _aOukanou :
_bel pequeño caledonio /
_cMarcel Isy-Schwart.
260 _aBarcelona :
_bEditorial Molino,
_c1972.
300 _aEjemplar con varias paginaciones :
_bil., retrs. ;
_c33 cm.
830 0 _aGrandes libros en color
_962991
049 1 _aGrandes libros en color
999 _c36189
_d36189